<?xml version="1.0" encoding="UTF-8"?><?xml-stylesheet type="text/xsl" href="static/style.xsl"?><OAI-PMH xmlns="http://www.openarchives.org/OAI/2.0/" xmlns:xsi="http://www.w3.org/2001/XMLSchema-instance" xsi:schemaLocation="http://www.openarchives.org/OAI/2.0/ http://www.openarchives.org/OAI/2.0/OAI-PMH.xsd"><responseDate>2026-04-14T04:00:28Z</responseDate><request verb="GetRecord" identifier="oai:www.recercat.cat:10256/27826" metadataPrefix="marc">https://recercat.cat/oai/request</request><GetRecord><record><header><identifier>oai:recercat.cat:10256/27826</identifier><datestamp>2025-12-05T11:01:23Z</datestamp><setSpec>com_2072_452955</setSpec><setSpec>com_2072_2054</setSpec><setSpec>col_2072_453072</setSpec></header><metadata><record xmlns="http://www.loc.gov/MARC21/slim" xmlns:dcterms="http://purl.org/dc/terms/" xmlns:xsi="http://www.w3.org/2001/XMLSchema-instance" xmlns:doc="http://www.lyncode.com/xoai" xsi:schemaLocation="http://www.loc.gov/MARC21/slim http://www.loc.gov/standards/marcxml/schema/MARC21slim.xsd">
   <leader>00925njm 22002777a 4500</leader>
   <datafield ind2=" " ind1=" " tag="042">
      <subfield code="a">dc</subfield>
   </datafield>
   <datafield ind2=" " ind1=" " tag="720">
      <subfield code="a">Gómez-Santabrígida, Dídac</subfield>
      <subfield code="e">author</subfield>
   </datafield>
   <datafield ind2=" " ind1=" " tag="720">
      <subfield code="a">Montserrat Boada, Carme</subfield>
      <subfield code="e">author</subfield>
   </datafield>
   <datafield ind2=" " ind1=" " tag="720">
      <subfield code="a">Garcia-Molsosa, Marta</subfield>
      <subfield code="e">author</subfield>
   </datafield>
   <datafield ind2=" " ind1=" " tag="720">
      <subfield code="a">Lima-López, Gala</subfield>
      <subfield code="e">author</subfield>
   </datafield>
   <datafield ind2=" " ind1=" " tag="260">
      <subfield code="c">2025</subfield>
   </datafield>
   <datafield ind2=" " ind1=" " tag="520">
      <subfield code="a">El trastorn de l'espectre alcohòlic fetal (TEAF) es considera una afecció que persisteix al llarg de la vida en persones que han estat exposades a l'alcohol durant el període de gestació. Durant les diferents etapes de la seva vida, les persones amb TAF s'enfronten a diferents reptes i adversitats que, sense els recursos i les estratègies adequats, poden contribuir a tenir un impacte negatiu en elles i en les seves famílies. L'objectiu d'aquest estudi és recopilar les experiències i perspectives dels pares adoptius en el procés de criança dels seus fills i ajudar-los a adaptar-se. Es va utilitzar un qüestionari ad hoc amb una mostra de 101 pares d'Espanya que havien adoptat un infant amb TAF. L'edat actual dels seus fills oscil·lava entre els 8 i els 37 anys ( M  = 19,67). Els resultats mostren que els pares adoptius no estaven informats sobre el trastorn ni sobre la possibilitat que els seus fills el poguessin tenir, mentre que, segons els pares, un diagnòstic precoç podria ser clau. L'edat actual també és un factor crucial, amb diferències observades entre infants, adults joves i adults. Les valoracions dels pares tendeixen a ser més positives quan els seus fills encara són menors de 18 anys. Els pares van expressar preocupació pel benestar emocional dels fills i l'ús del temps i les amistats, i pessimisme respecte a les expectatives de futur. També van mostrar una alta satisfacció amb les associacions especialitzades en el trastorn. Es discuteixen les implicacions pràctiques</subfield>
   </datafield>
   <datafield ind2=" " ind1=" " tag="520">
      <subfield code="a">Pla de Doctorat Industrial de l'Agència de Gestió d'Ajuts Universitaris i de Recerca (AGAUR). Número d'ajut: 2022 DI00089</subfield>
   </datafield>
   <datafield ind2=" " ind1=" " tag="520">
      <subfield code="a">Open Access funding provided thanks to the CRUE-CSIC agreement with Wiley</subfield>
   </datafield>
   <datafield ind1="8" ind2=" " tag="024">
      <subfield code="a">http://hdl.handle.net/10256/27826</subfield>
   </datafield>
   <datafield tag="653" ind2=" " ind1=" ">
      <subfield code="a">Infants amb trastorn de l'espectre alcohòlic fetal</subfield>
   </datafield>
   <datafield tag="653" ind2=" " ind1=" ">
      <subfield code="a">Children of prenatal alcohol abuse</subfield>
   </datafield>
   <datafield tag="653" ind2=" " ind1=" ">
      <subfield code="a">Alcoholisme i embaràs</subfield>
   </datafield>
   <datafield tag="653" ind2=" " ind1=" ">
      <subfield code="a">Alcoholism in pregnancy</subfield>
   </datafield>
   <datafield ind2="0" ind1="0" tag="245">
      <subfield code="a">Expectations and Concerns of Adoptive Families of Children With Fetal Alcohol Spectrum Disorder</subfield>
   </datafield>
</record></metadata></record></GetRecord></OAI-PMH>